| 000 | 00455nam a22001457a 4500 | ||
|---|---|---|---|
| 005 | 20180806172153.0 | ||
| 020 |
_a817391284X _c00.00 |
||
| 035 | _aA-992074, A-992076 | ||
| 037 |
_aDPL _bENG |
||
| 100 | _aBorgohain, Bani | ||
| 245 |
_aHuman rights social justice and political challenge / _cby Bani Borgohain |
||
| 260 |
_aNew Delhi _bKanishka Publishers, Distributors _c1999 |
||
| 300 |
_av, 287p. _c20 cms. |
||
| 942 |
_2ddc _cEN _h323 _mBOR |
||
| 999 |
_c65808 _d65808 |
||